000 00532nam a2200193Ia 4500
005 20250326144119.0
008 250326s9999 xx 000 0 und d
037 _aTextbook
040 _aFMSL
_beng
_cFMSL
041 _aeng
_2eng
084 _aO1113 N7
_qFMSL
100 _aDivakaruni Chitra
_9749053
245 0 _aMistress of Spices
_cDivakaruni Chitra
260 _aUnited Kingdom
_bUnited Kingdom, Black swan
_c1997
365 _b475
650 _aNovel
942 _cTB
_hO1113 N7
999 _c1302407
_d1302407